00934 2200301 4500001002100000005001500021035002000036007000300056008004100059020002200100040002200122082001500144084001700159090002200176100004000198245011300238300002900351650002000380700002700400850001200427504003300439264004200472336002100514337003000535338002300565999002200588990002200610INLIS00000000088775420240620105412 a0010-0624000656ta240620s2023 yoi f ind d a978-623-496-025-9 aYOPDYOGbinderda04223a297.13 a297.13 MUH i aCB-D.11 2023-54540 aMuhammad Tajuddind1990-epengarang10aInterpretasi ayat-ayat kemaksuman Nabi Muhammad dalam Al-Qur'an /cMuhammad Tajuddin; penyunting, kangfatihh aiv, 120 halaman ;c22 cm 4aTafsir Al-Quran0 akangfatihhepenyunting aYOPDYOG aBibliografi: halaman 114-11931aSleman :bSelfietera Indonesia,c2023 2rdacontentateks 2rdamediaatanpa perantara 2rdacarrieravolume aCB-D.11/2023-5454 aCB-D.11/2023-5454